| 000 | 00682nam a2200193 i 4500 | ||
|---|---|---|---|
| 001 | 51913 | ||
| 003 | ES-MaACL | ||
| 005 | 20250731063028.0 | ||
| 007 | t| | ||
| 008 | 030820s1873 fr ||||1| fre d | ||
| 100 | 1 |
_aDarwin, Charles, _d1809-1882 _942770 |
|
| 245 | 1 | 2 |
_aL'origine des espéces au moyeu de la sélection naturelle ou La lutte pour l'existence dans la nature / _cpar Charles Darwin ; traduit par J.J. Moulinié. |
| 260 |
_aParis : _bC. Reiwald, _c1873 ( _fJ. Claye) |
||
| 300 |
_aXX, 612 p. ; _c23 cm. |
||
| 700 | 1 |
_aMoulinié, J. J. _983864 |
|
| 740 | 3 | _aLa lutte pour l'existence dans la nature. | |
| 852 |
_aES-MaACL _jD-4523 |
||
| 999 |
_c51913 _d51913 |
||